Word Ladder: Subliminal Message Quiz Stats

 Plays Quiz Updated Mar 23, 2018

Also try: Hidden Word Ladder
Challenge
Share
Tweet
Embed
Score 0/33 Timer 03:00
4 Plays Today
Clue 4-Letter Word % Correct
Lightbulb measureWATT
97.2%
Serve tablesWAIT
96.8%
LeBlanc of 'Friends'MATT
96.3%
Golden ____ BridgeGATE
96.3%
Apple centerCORE
95.5%
Chess conclusionMATE
95.2%
Enticement for fishBAIT
95%
Risk or Scrabble, e.g.😡 GAME 😡
95%
MaizeCORN
94.3%
Half of ten😡 FIVE 😡
92.9%
Pocket changeCOIN
92.5%
SlenderTHIN
92.4%
ArrivedCAME
91.9%
Feel concernCARE
91.9%
UK nativeBRIT
91.3%
Not that😡 THIS 😡
91.2%
Group of threeTRIO
90.7%
Clue 4-Letter Word % Correct
Boxer's targetCHIN
89%
____-Out, correction fluidWITE
82.7%
DestinyFATE
82.7%
In the company of😡 WITH 😡
82.5%
'Divergent' narratorTRIS
82.1%
Con ___ (vivaciously)BRIO
81.2%
Marry a womanWIVE
80.2%
Most preferred, slangilyFAVE
80.1%
____ DominoFATS
68.2%
Estimate the value of😡 RATE 😡
60.6%
Noggin topPATE
60.4%
LanePATH
58.7%
Helmet materialPITH
58.5%
Horse treatsOATS
57.7%
Celestial spheres😡 ORBS 😡
54.6%
Table scrapsORTS
48%

Today's Daily Dose

You're not logged in!

Compare scores with friends on all Sporcle quizzes.
Join for Free
OR
Log In

You Might Also Like...

Show Comments

Extras

Top Quizzes Today


Score Distribution

Your Account Isn't Verified!

In order to create a playlist on Sporcle, you need to verify the email address you used during registration. Go to your Sporcle Settings to finish the process.

Report this User

Report this user for behavior that violates our Community Guidelines.

Details: